000 01042nac a22003137a 4500
001 BR7602007
003 BR-BrBNA
005 20240105113934.0
008 230509b bl.|||m| |||| 00| 0 por d
040 _aBR-BrBNA
_bpor
_cBiblioteca Nacional de Agricultura
072 _aM10
090 _a8150 BR7602007
110 1 _aPrograma de Pesquisa e Desenvolvimento Pesqueiro do Brasil, Brasilia, DF
_97975
245 1 _aCruz del sur. Mapas de bordo [Peixe marinho; Molusco; Crustaceo; Captura; Parana; Santa Catarina; Rio Grande do Sul; Brasil]
260 3 _aBrasilia, DF (Brasil):
_c1976.
300 _a19 p.
490 _aNavio de Pesquisa Cruz del Sur. Mapas de Bordo (Brazil)
_vno.1
_x
500 _aNumerical data; Summaries (En, Pt)
650 _aProducao pesqueira
650 _aPeixe marinho
650 _aCrustaceo
650 _aMolusco
650 _aCaptura
650 _aParana
650 _aSanta Catarina
650 _aRio Grande do Sul
909 _a202312
_bLúcia Elande
_c55
_dLúcia Elande
942 _2AGRIS
_n0
_cMS
999 _c266462
_d266462